Carregant...
Insurance marketing
| Autor principal: | |
|---|---|
| Format: | Printed Book |
| Publicat: |
Delhi
Black prints
2013
|
| Matèries: |
| LEADER | 00436nam a22001337a 4500 | ||
|---|---|---|---|
| 020 | |a 9789382036043 | ||
| 082 | |a 368 |b KHA.I;1 | ||
| 100 | |a P K Khanna | ||
| 245 | |a Insurance marketing | ||
| 260 | |a Delhi |b Black prints |c 2013 | ||
| 650 | |a Health insurance |a Market segmentation | ||
| 942 | |c BK | ||
| 999 | |c 4564 |d 4564 | ||
| 952 | |0 0 |1 0 |4 0 |6 368_000000000000000_KHA_I1 |7 0 |8 NFIC |9 4553 |a CAMPUS |b CAMPUS |d 2015-05-26 |l 0 |o 368 KHA.I;1 |p 16827 |r 2015-05-26 |w 2015-05-26 |y BK | ||